000 00271nam a22001217a 4500
008 180913b xxu||||| |||| 00| 0 eng d
041 _aeng
080 _25 ED
_a510
100 _a37
101 _aMA\T
245 _aCollege Algebra Trigometry
_cLial.H
942 _2udc
_cBK
999 _c47740
_d47740